Franchises drag race - Statistiques

Statistiques générales
  • Ce quiz a été pris 12 fois
  • Le résultat moyen est 14 sur 24
Statistiques - réponses
Nb de saisons Réponse % Correct
2 Drag race Belgique
100%
3 Drag race France
100%
6 Canada's drag race
90%
3 Drag race Italia
90%
2 Drag race México
90%
2 Drag race Brasil
80%
1 Drag race Germany
80%
18 Rupaul's drag race
80%
7 Rupaul's drag race UK
80%
5 Drag race España
70%
3 Drag race Thailand
70%
11 Rupaul's drag race all stars
70%
2 Canada's drag race Canada VS the World
60%
1 Drag race France All Stars
60%
3 Rupaul's drag race UK VS the World
60%
1 Drag race Sverige
50%
4 Drag race Down Under
40%
3 Drag race Philippines
40%
2 Drag race Holland
30%
1 Rupaul's drag race Global All Stars
30%
1 Drag race España All Stars
20%
1 Drag race Philippines Slaysan Royale
0%
1 Rupaul's drag race All Stars All winners
0%
2 Rupaul's secret celebrity drag race
0%
Aucun quiz correspondant
Distribution des résultats
% des personnes avec chaque résultat
Percentile par nombre de réponses
Votre historique - résultats
Vous n’avez pas pris ce quiz